000 00394nam a2200157Ia 4500
008 230917s9999||||xx |||||||||||||| ||und||
040 _e207575
_aMAIN
041 _aEnglish
082 _a670.285 S23F(2)
100 _aSharma, Vikram
245 0 _aFundamentals of CAD/CAM/CIM
250 _a2nd ed.
260 _aNew Delhi
_bInternational Book House
_c2013
300 _a639 p.
942 _cBK
999 _c176568
_d176568